[Event "Europa ch 2014"]
[Site "Yerevan ARM"]
[Date "2014.03.08"]
[Round "6.18"]
[White "Saric, Ivan"]
[Black "Bok, Benjamin"]
[Result "1/2-1/2"]
[WhiteElo "2661"]
[BlackElo "2575"]
[PlyCount "80"]
[EventDate "2014.03.03"]
[EventType "swiss"]
[EventRounds "11"]
[EventCountry "ARM"]
[Source "lmi"]
[SourceDate "2014.03.02"]

1. e4 e5 2. Nf3 Nc6 3. Bb5 Nf6 4. d3 Bc5 5. c3 O-O 6. O-O d6 7. h3 Ne7 8. Re1
c6 9. Ba4 Ng6 10. d4 Bb6 11. Nbd2 Re8 12. Bc2 Bc7 13. c4 Bb6 14. Nb3 Be6 15.
Qe2 h6 16. Be3 Nh5 17. dxe5 dxe5 18. Nc5 Nhf4 19. Qf1 Bc8 20. Nd3 Qf6 21. Nxf4
Nxf4 22. c5 Ba5 23. Bxf4 Bxe1 24. Bxe5 Rxe5 25. Nxe5 Bxf2+ 26. Qxf2 Qxe5 27.
Rd1 Be6 28. Qd4 Qxd4+ 29. Rxd4 b6 30. cxb6 axb6 31. a3 Kf8 32. Kf2 Ke7 33. Ke3
c5 34. Rd2 b5 35. e5 Rb8 36. Be4 b4 37. axb4 Rxb4 38. Rc2 Rb3+ 39. Rc3 Rxb2 40.
Rxc5 Rb3+ 1/2-1/2

[Event "Europa ch 2014"]
[Site "Yerevan ARM"]
[Date "2014.03.08"]
[Round "6.20"]
[White "Zvjaginsev, Vadim"]
[Black "Onischuk, Vladimir"]
[Result "1/2-1/2"]
[WhiteElo "2653"]
[BlackElo "2583"]
[PlyCount "83"]
[EventDate "2014.03.03"]
[EventType "swiss"]
[EventRounds "11"]
[EventCountry "ARM"]
[Source "lmi"]
[SourceDate "2014.03.02"]

1. e4 g6 2. d4 Bg7 3. Nf3 d6 4. Be2 Nf6 5. Nc3 O-O 6. O-O a6 7. Bg5 b5 8. e5 b4
9. exf6 exf6 10. Bd2 bxc3 11. Bxc3 f5 12. Nd2 Nd7 13. Bf3 Rb8 14. Nc4 Nf6 15.
d5 Bb7 16. Re1 Ba8 17. a4 Qd7 18. b3 Rbe8 19. Qd4 h5 20. Rad1 Kh7 21. h3 Rg8
22. Qd3 Rxe1+ 23. Rxe1 Re8 24. Rxe8 Qxe8 25. Ne3 f4 26. Nc4 Bb7 27. Qd4 g5 28.
Qd3+ Kg8 29. Qf5 Nh7 30. Bxg7 Bc8 31. Qd3 Kxg7 32. Bxh5 Qe1+ 33. Qf1 Qc3 34.
Qe2 Nf6 35. Qe7 Nxh5 36. Qxg5+ Kf8 37. Qd8+ Kg7 38. Qg5+ Kf8 39. Qxh5 Qe1+ 40.
Kh2 Qxf2 41. Qh8+ Ke7 42. Qxc8 1/2-1/2

[Event "Europa ch 2014"]
[Site "Yerevan ARM"]
[Date "2014.03.08"]
[Round "6.21"]
[White "Balogh, Csaba"]
[Black "Grigoriants, Sergey"]
[Result "1/2-1/2"]
[WhiteElo "2651"]
[BlackElo "2574"]
[PlyCount "100"]
[EventDate "2014.03.03"]
[EventType "swiss"]
[EventRounds "11"]
[EventCountry "ARM"]
[Source "lmi"]
[SourceDate "2014.03.02"]

1. e4 e5 2. Nf3 Nc6 3. Bb5 a6 4. Ba4 Nf6 5. O-O Be7 6. d3 d6 7. c3 O-O 8. Nbd2
Nd7 9. d4 exd4 10. Nxd4 Nxd4 11. cxd4 Bf6 12. Nf3 Nb6 13. Bc2 Bg4 14. d5 Re8
15. h3 Bh5 16. Rb1 Qd7 17. Bf4 Re7 18. g4 Bg6 19. Nd2 Rae8 20. Bg3 h5 21. gxh5
Bh7 22. Kh2 c6 23. dxc6 Qxc6 24. Bb3 d5 25. exd5 Nxd5 26. Rc1 Qd7 27. Nc4 Nb4
28. Qxd7 Rxd7 29. Rfd1 Nd3 30. Nb6 Nxc1 31. Nxd7 Bxb2 32. Bd5 Bf5 33. Nc5 b6
34. Na4 Ba3 35. Nxb6 Ne2 36. Nc4 Nxg3 37. Kxg3 Bf8 38. Ne3 Bc8 39. Bc6 Re6 40.
Bd7 Bxd7 41. Rxd7 Bc5 42. Rd3 Re4 43. Rc3 Bxe3 44. Rxe3 Ra4 45. a3 Kh7 46. f4
Ra5 47. Kg4 f6 48. Rd3 Kh6 49. Rd8 Kh7 50. Rd3 Kh6 1/2-1/2

[Event "Europa ch 2014"]
[Site "Yerevan ARM"]
[Date "2014.03.08"]
[Round "6.22"]
[White "Iordachescu, Viorel"]
[Black "Popov, Ivan RUS"]
[Result "1/2-1/2"]
[WhiteElo "2583"]
[BlackElo "2650"]
[PlyCount "72"]
[EventDate "2014.03.03"]
[EventType "swiss"]
[EventRounds "11"]
[EventCountry "ARM"]
[Source "lmi"]
[SourceDate "2014.03.02"]

1. e4 e5 2. Nf3 Nc6 3. Bb5 Nf6 4. d3 Bc5 5. Bxc6 dxc6 6. Nc3 O-O 7. Bg5 h6 8.
Bh4 Bg4 9. h3 Bxf3 10. Qxf3 Be7 11. O-O Nd7 12. Bg3 Bf6 13. Nd1 g6 14. Ne3 Bg7
15. Nc4 Qe7 16. Qe3 Nb6 17. c3 Nxc4 18. dxc4 b6 19. Qe2 Rad8 20. Rfd1 Rxd1+ 21.
Rxd1 Rd8 22. Kf1 Kf8 23. f3 h5 24. Bf2 Bh6 25. h4 Ke8 26. Rxd8+ Qxd8 27. Qc2
Qd2 28. Qxd2 Bxd2 29. Ke2 Bh6 30. a4 a6 31. b3 Kd7 32. Kd3 Bf8 33. Bg3 Ke6 34.
Bf2 Kd7 35. Bg3 Ke6 36. Bf2 Kd7 1/2-1/2

[Event "Europa ch 2014"]
[Site "Yerevan ARM"]
[Date "2014.03.08"]
[Round "6.23"]
[White "Shimanov, Aleksandr"]
[Black "Vaganian, Rafael A"]
[Result "1/2-1/2"]
[WhiteElo "2649"]
[BlackElo "2570"]
[PlyCount "131"]
[EventDate "2014.03.03"]
[EventType "swiss"]
[EventRounds "11"]
[EventCountry "ARM"]
[Source "lmi"]
[SourceDate "2014.03.02"]

1. c4 e6 2. Nf3 Nf6 3. g3 a6 4. Bg2 b5 5. b3 Bb7 6. Nc3 b4 7. Na4 a5 8. O-O Be7
9. d4 Be4 10. Bh3 Na6 11. Ne1 Bb7 12. Nd3 d6 13. Be3 h5 14. Bg2 Bxg2 15. Kxg2
h4 16. f3 Qc8 17. g4 h3+ 18. Kg1 Qb7 19. Nf2 c5 20. dxc5 Nxc5 21. Nxc5 dxc5 22.
Qc2 Qc6 23. Rad1 Rd8 24. Rd3 Rxd3 25. Qxd3 Bd6 26. Rd1 Ke7 27. g5 Nd7 28. Kh1
Bb8 29. Qe4 Qxe4 30. Nxe4 Rc8 31. f4 Rc6 32. Kg1 a4 33. Kf2 f5 34. gxf6+ Nxf6
35. Kf3 Nxe4 36. Kxe4 Bd6 37. Rg1 Kf7 38. Rd1 axb3 39. axb3 Ra6 40. Bf2 Ke7 41.
Kf3 Ra2 42. e4 e5 43. f5 Rc2 44. Rd3 Rc3 45. Ke2 Rc2+ 46. Ke1 Rb2 47. Rxh3 Kf7
48. Kf1 Be7 49. Rd3 g6 50. Rf3 gxf5 51. Rxf5+ Kg6 52. Rxe5 Bf6 53. Re6 Kf7 54.
Rb6 Rxb3 55. Bxc5 Rb1+ 56. Kg2 b3 57. Ba3 b2 58. c5 Bd4 59. Kh3 Be5 60. c6 Rh1
61. Bxb2 Rxh2+ 62. Kg4 Bxb2 63. c7 Rc2 64. Rxb2 Rxc7 65. Rb6 Rc5 66. Kf4
1/2-1/2

[Event "Europa ch 2014"]
[Site "Yerevan ARM"]
[Date "2014.03.08"]
[Round "6.24"]
[White "Ragger, Markus"]
[Black "Huzman, Alexander"]
[Result "1/2-1/2"]
[WhiteElo "2644"]
[BlackElo "2569"]
[PlyCount "81"]
[EventDate "2014.03.03"]
[EventType "swiss"]
[EventRounds "11"]
[EventCountry "ARM"]
[Source "lmi"]
[SourceDate "2014.03.02"]

1. d4 Nf6 2. c4 e6 3. Nf3 d5 4. Nc3 Be7 5. Bf4 O-O 6. a3 b6 7. e3 Ba6 8. Qa4
Bxc4 9. Bxc4 dxc4 10. Qxc4 c5 11. dxc5 bxc5 12. O-O Nbd7 13. Rfd1 Qc8 14. a4
Nb6 15. Qb5 Nbd5 16. Nxd5 Nxd5 17. Be5 a6 18. Qc4 Qb7 19. e4 Nf6 20. Nd2 Nd7
21. Bc3 Bf6 22. Bxf6 Nxf6 23. Qxc5 Nxe4 24. Nxe4 Qxe4 25. b4 Rac8 26. Qb6 Rb8
27. Qxa6 Rxb4 28. a5 Ra8 29. Qd6 h5 30. Qc7 Ra4 31. h3 R8xa5 32. Rxa4 Qxa4 33.
Rd8+ Kh7 34. Qxf7 Qa1+ 35. Kh2 Qf6 36. Qg8+ Kg6 37. Rf8 Qe7 38. f4 Ra6 39. Rb8
Qf7 40. Qxf7+ Kxf7 41. Rb5 1/2-1/2

[Event "Europa ch 2014"]
[Site "Yerevan ARM"]
[Date "2014.03.08"]
[Round "6.27"]
[White "Kuzubov, Yuriy"]
[Black "Anton Guijarro, David"]
[Result "1/2-1/2"]
[WhiteElo "2642"]
[BlackElo "2559"]
[PlyCount "136"]
[EventDate "2014.03.03"]
[EventType "swiss"]
[EventRounds "11"]
[EventCountry "ARM"]
[Source "lmi"]
[SourceDate "2014.03.02"]

1. c4 e5 2. Nc3 Nc6 3. g3 Bc5 4. Bg2 a6 5. e3 Ba7 6. Nge2 d6 7. b3 Nge7 8. Bb2
O-O 9. a3 Rb8 10. Nd5 b5 11. cxb5 axb5 12. Nxe7+ Nxe7 13. d4 f6 14. O-O Be6 15.
Qc2 c5 16. dxe5 fxe5 17. Rad1 Qc7 18. Nc3 c4 19. b4 h6 20. Rd2 Bf5 21. Qd1 Rf6
22. Ne4 Bxe4 23. Bxe4 Qb6 24. Kg2 Rbf8 25. Qc2 Qc7 26. Qc3 Nf5 27. Re1 Kh8 28.
f3 Qf7 29. Kh1 Qh5 30. Rg2 Ne7 31. f4 d5 32. Bb1 d4 33. Qd2 Nc6 34. a4 exf4 35.
gxf4 c3 36. Qd3 g6 37. Ba3 dxe3 38. Qxc3 Nd4 39. Bb2 Rxf4 40. Qxe3 Rf1+ 41. Rg1
Rxg1+ 42. Rxg1 Qf3+ 43. Qxf3 Rxf3 44. axb5 Rb3 45. Ba1 Kg7 46. Ba2 Ra3 47. Rd1
Rxa2 48. Bxd4+ Bxd4 49. Rxd4 Re2 50. b6 Re5 51. Kg2 Rb5 52. Kf3 Rxb6 53. Ke4
Rb5 54. Kd3 Rh5 55. h4 g5 56. hxg5 hxg5 57. b5 Kf6 58. b6 Rh8 59. Kc4 Kf5 60.
Kb5 g4 61. b7 g3 62. Kb6 g2 63. Rd1 Kf4 64. Ka7 Kf3 65. b8=Q Rxb8 66. Kxb8 Kf2
67. Kc7 g1=Q 68. Rxg1 Kxg1 1/2-1/2

[Event "Europa ch 2014"]
[Site "Yerevan ARM"]
[Date "2014.03.08"]
[Round "6.28"]
[White "Goganov, Aleksey"]
[Black "Ivanisevic, Ivan"]
[Result "1-0"]
[WhiteElo "2569"]
[BlackElo "2633"]
[PlyCount "119"]
[EventDate "2014.03.03"]
[EventType "swiss"]
[EventRounds "11"]
[EventCountry "ARM"]
[Source "lmi"]
[SourceDate "2014.03.02"]

1. d4 Nf6 2. c4 e6 3. Nf3 d5 4. Nc3 c6 5. Bg5 dxc4 6. e4 b5 7. e5 h6 8. Bh4 g5
9. Nxg5 hxg5 10. Bxg5 Nbd7 11. g3 Bb7 12. Bg2 Qb6 13. exf6 c5 14. d5 O-O-O 15.
O-O b4 16. Rb1 Qa6 17. dxe6 Bxg2 18. e7 Bxf1 19. Kxf1 Qc6 20. exd8=Q+ Kxd8 21.
Nd5 Rxh2 22. Kg1 Rh8 23. Bf4 Bd6 24. Bxd6 Qxd6 25. Qf3 Ne5 26. Qe4 Re8 27. Ne3
Qc6 28. Qxc6 Nxc6 29. Rc1 Ne5 30. Rd1+ Kc7 31. f4 Nd7 32. Nxc4 Re2 33. Rd5 Rc2
34. b3 Rxa2 35. g4 Nxf6 36. Rxc5+ Kd8 37. g5 Nh5 38. Rd5+ Ke7 39. f5 Re2 40.
Ra5 Kf8 41. Rxa7 Nf4 42. Kf1 Rc2 43. f6 Kg8 44. Ne5 Rc1+ 45. Kf2 Nh3+ 46. Kg3
Nxg5 47. Kg4 Ne6 48. Nxf7 Rf1 49. Nh6+ Kh8 50. Nf7+ Kg8 51. Nh6+ Kh8 52. Rf7
Rg1+ 53. Kf5 Rg5+ 54. Kxe6 Re5+ 55. Kd6 Re6+ 56. Kc5 Re5+ 57. Kxb4 Rb5+ 58. Kc4
Rc5+ 59. Kd4 Rc4+ 60. Ke5 1-0

[Event "Europa ch 2014"]
[Site "Yerevan ARM"]
[Date "2014.03.08"]
[Round "6.29"]
[White "Esen, Baris"]
[Black "Swiercz, Dariusz"]
[Result "1/2-1/2"]
[WhiteElo "2563"]
[BlackElo "2631"]
[PlyCount "74"]
[EventDate "2014.03.03"]
[EventType "swiss"]
[EventRounds "11"]
[EventCountry "ARM"]
[Source "lmi"]
[SourceDate "2014.03.02"]

1. d4 Nf6 2. Nf3 g6 3. c4 Bg7 4. g3 c6 5. Bg2 d5 6. cxd5 cxd5 7. Ne5 Ne4 8. Nd2
Nd7 9. Nxe4 dxe4 10. Nxd7 Qxd7 11. Bxe4 Bxd4 12. Qb3 O-O 13. Be3 Bxe3 14. Qxe3
Qb5 15. O-O Qxb2 16. a4 Qe5 17. Rab1 Bh3 18. Rfc1 Rad8 19. Bxb7 Qxe3 20. fxe3
Rd2 21. Ba6 Rfd8 22. Bd3 Ra2 23. Ra1 Rxa1 24. Rxa1 Rc8 25. a5 Kf8 26. Kf2 e5
27. e4 Rc5 28. a6 Ke7 29. Rb1 Rc7 30. Rb5 f6 31. Rb8 Bc8 32. h4 Kd6 33. Ke3 Rc6
34. Ra8 Rc7 35. Rb8 Rc6 36. Ra8 Rc7 37. Rb8 Rc6 1/2-1/2

[Event "Europa ch 2014"]
[Site "Yerevan ARM"]
[Date "2014.03.08"]
[Round "6.30"]
[White "Kotanjian, Tigran"]
[Black "Potkin, Vladimir"]
[Result "1-0"]
[WhiteElo "2531"]
[BlackElo "2625"]
[PlyCount "77"]
[EventDate "2014.03.03"]
[EventType "swiss"]
[EventRounds "11"]
[EventCountry "ARM"]
[Source "lmi"]
[SourceDate "2014.03.02"]

1. d4 d5 2. c4 c6 3. Nf3 Nf6 4. Nc3 e6 5. Bg5 h6 6. Bh4 dxc4 7. e4 g5 8. Bg3 b5
9. Ne5 h5 10. h4 g4 11. Bf4 Bg7 12. g3 O-O 13. Bg2 Ba6 14. O-O b4 15. Ne2 Nfd7
16. Nxd7 Nxd7 17. Bd6 e5 18. Bxb4 exd4 19. Bxf8 Nxf8 20. Nf4 Qa5 21. e5 Qxe5
22. Bxc6 Rc8 23. Qa4 Qc5 24. Qxa6 Rxc6 25. Qb7 Rc7 26. Qe4 Re7 27. Qd5 Qxd5 28.
Nxd5 Rd7 29. Nf4 d3 30. Rab1 d2 31. Rfd1 Be5 32. Ng2 Ne6 33. Ne3 c3 34. bxc3
Bxc3 35. Rb8+ Kg7 36. Rb5 Nd4 37. Rxh5 f5 38. Kf1 Re7 39. Rxf5 1-0

[Event "Europa ch 2014"]
[Site "Yerevan ARM"]
[Date "2014.03.08"]
[Round "6.31"]
[White "Antipov, Mikhail Al"]
[Black "Artemiev, Vladislav"]
[Result "1/2-1/2"]
[WhiteElo "2507"]
[BlackElo "2621"]
[PlyCount "44"]
[EventDate "2014.03.03"]
[EventType "swiss"]
[EventRounds "11"]
[EventCountry "ARM"]
[Source "lmi"]
[SourceDate "2014.03.02"]

1. e4 c5 2. Nf3 d6 3. d4 cxd4 4. Qxd4 a6 5. h3 Nf6 6. c4 e6 7. Be2 Qc7 8. O-O
Be7 9. Nc3 O-O 10. b3 Nbd7 11. Rd1 Rd8 12. Ba3 Qa5 13. Bb2 b6 14. Na4 Bb7 15.
Bc3 Qh5 16. Nxb6 Nxb6 17. Qxb6 Bxe4 18. Qe3 Bb7 19. Ne5 Qf5 20. Bd3 Qh5 21. Be2
Qf5 22. Bd3 Qh5 1/2-1/2

[Event "Europa ch 2014"]
[Site "Yerevan ARM"]
[Date "2014.03.08"]
[Round "6.32"]
[White "Bacrot, Etienne"]
[Black "Palac, Mladen"]
[Result "1/2-1/2"]
[WhiteElo "2739"]
[BlackElo "2561"]
[PlyCount "97"]
[EventDate "2014.03.03"]
[EventType "swiss"]
[EventRounds "11"]
[EventCountry "ARM"]
[Source "lmi"]
[SourceDate "2014.03.02"]

1. d4 Nf6 2. c4 e6 3. Nf3 Bb4+ 4. Bd2 Qe7 5. g3 Bxd2+ 6. Qxd2 Nc6 7. Nc3 d5 8.
cxd5 exd5 9. Bg2 O-O 10. O-O Rd8 11. e3 Bg4 12. Rac1 Ne4 13. Qc2 Nb4 14. Qd1
Ng5 15. h4 Nxf3+ 16. Bxf3 Bxf3 17. Qxf3 c6 18. a3 Na6 19. b4 Nc7 20. Rc2 Ne8
21. Rfc1 a6 22. Na4 Nd6 23. Nb6 Rab8 24. Qf4 Re8 25. a4 Qd8 26. a5 Nb5 27. Na4
Qd6 28. Qxd6 Nxd6 29. Nc5 h5 30. Kf1 Re7 31. Ke2 g6 32. Kd3 Kg7 33. Re2 Rbe8
34. Rg1 Ne4 35. f3 Nxc5+ 36. bxc5 f5 37. Rge1 Rf8 38. Kd2 Rd8 39. Rb1 Rf8 40.
Ke1 Rf6 41. Kf2 Kf8 42. Rb3 Ke8 43. Reb2 Rff7 44. Ke2 Kd8 45. Kd3 Kc8 46. Rg2
Kc7 47. Rb1 Rf6 48. Re1 Rff7 49. Rge2 1/2-1/2

[Event "Europa ch 2014"]
[Site "Yerevan ARM"]
[Date "2014.03.08"]
[Round "6.34"]
[White "Moiseenko, Alexander"]
[Black "Yilmaz, Mustafa"]
[Result "1-0"]
[WhiteElo "2712"]
[BlackElo "2557"]
[PlyCount "79"]
[EventDate "2014.03.03"]
[EventType "swiss"]
[EventRounds "11"]
[EventCountry "ARM"]
[Source "lmi"]
[SourceDate "2014.03.02"]

1. d4 Nf6 2. c4 c5 3. d5 e6 4. Nc3 exd5 5. cxd5 d6 6. e4 g6 7. f4 Bg7 8. Bb5+
Nfd7 9. Nf3 a6 10. Bd3 b5 11. O-O O-O 12. Kh1 c4 13. Bc2 Nc5 14. f5 Nbd7 15.
Bg5 Bf6 16. Qd2 Ne5 17. Bxf6 Qxf6 18. Nxe5 Qxe5 19. Qh6 Qg7 20. Qh4 Re8 21.
Rae1 g5 22. Qg3 Re5 23. Ne2 Bd7 24. Nd4 Rae8 25. f6 Qg6 26. Nf3 Nxe4 27. Rxe4
Rxe4 28. Qxd6 Bf5 29. Bxe4 Bxe4 30. Re1 h6 31. Kg1 g4 32. Qd7 Rf8 33. Nh4 Qg5
34. Rxe4 Qc1+ 35. Kf2 Qd2+ 36. Kf1 Qd3+ 37. Re2 Qd1+ 38. Re1 Qd3+ 39. Kg1 Qd4+
40. Kh1 1-0

[Event "Europa ch 2014"]
[Site "Yerevan ARM"]
[Date "2014.03.08"]
[Round "6.35"]
[White "Gabuzyan, Hovhannes"]
[Black "Tomashevsky, Evgeny"]
[Result "0-1"]
[WhiteElo "2537"]
[BlackElo "2711"]
[PlyCount "144"]
[EventDate "2014.03.03"]
[EventType "swiss"]
[EventRounds "11"]
[EventCountry "ARM"]
[Source "lmi"]
[SourceDate "2014.03.02"]

1. Nf3 d5 2. c4 d4 3. g3 Nc6 4. Bg2 e5 5. O-O Nf6 6. d3 a5 7. e3 dxe3 8. Bxe3
Be7 9. h3 O-O 10. Nc3 Bf5 11. d4 exd4 12. Nxd4 Nxd4 13. Bxd4 c6 14. Na4 Re8 15.
Rc1 Bf8 16. Nb6 Rb8 17. c5 Ne4 18. Qa4 h5 19. Rfd1 Qg5 20. Be3 Qg6 21. Bf4 Rbd8
22. Rxd8 Rxd8 23. Qxa5 h4 24. Nc4 Re8 25. Nd6 Bxd6 26. cxd6 hxg3 27. fxg3 Nxg3
28. Re1 Ne4 29. Kh2 Nxd6 30. Rxe8+ Nxe8 31. Qa8 Qe6 32. Qxb7 Be4 33. Qb8 Bxg2
34. Kxg2 Kh7 35. Qe5 Qg6+ 36. Kh2 Qc2+ 37. Kg1 Nf6 38. Bg3 Qb1+ 39. Kg2 Qxa2
40. Qf5+ Kh8 41. Qc8+ Ng8 42. Qxc6 Qxb2+ 43. Kf3 Qb1 44. Kg2 Kh7 45. Qd5 Qg6
46. Kh2 Nf6 47. Qg2 Qf5 48. Qf2 Qd5 49. Qc2+ Ne4 50. Bc7 Qf5 51. Bb8 Qf3 52.
Be5 f6 53. Bb8 f5 54. Qg2 Qe3 55. Qf1 Qd2+ 56. Qg2 Qd8 57. Be5 Qe7 58. Bb8 Qe8
59. Bf4 Qh5 60. Be3 Qf7 61. Bf4 Qf6 62. Bb8 Kh6 63. Bf4+ g5 64. Bb8 Qb6 65. Be5
Qe6 66. Bc7 Kg6 67. Qb2 Qc4 68. Qe5 Qc2+ 69. Kg1 Qc6 70. Ba5 Qc1+ 71. Kh2 Qc2+
72. Kh1 Qd1+ 0-1

[Event "Europa ch 2014"]
[Site "Yerevan ARM"]
[Date "2014.03.08"]
[Round "6.36"]
[White "Fressinet, Laurent"]
[Black "Kovalev, Vladislav"]
[Result "1-0"]
[WhiteElo "2709"]
[BlackElo "2548"]
[PlyCount "91"]
[EventDate "2014.03.03"]
[EventType "swiss"]
[EventRounds "11"]
[EventCountry "ARM"]
[Source "lmi"]
[SourceDate "2014.03.02"]

1. e4 e5 2. Nf3 Nc6 3. Bb5 Nf6 4. O-O Nxe4 5. d4 Nd6 6. Bxc6 dxc6 7. dxe5 Nf5
8. Qxd8+ Kxd8 9. Nc3 Ke8 10. Ne2 Be7 11. Rd1 Bd7 12. Bf4 Rd8 13. g4 Nh4 14.
Nxh4 Bxh4 15. h3 h5 16. f3 Be7 17. Kg2 hxg4 18. hxg4 c5 19. c4 Be6 20. b3 a6
21. Be3 Rxd1 22. Rxd1 Bd7 23. Nf4 b6 24. a4 a5 25. Nd5 Bd8 26. Bf4 Be6 27. Nc3
Bc8 28. Ne4 f5 29. exf6 gxf6 30. Nc3 Rg8 31. Nd5 f5 32. Bxc7 Bxc7 33. Nxc7+ Kf7
34. Rf1 Rg6 35. Kg3 Kg7 36. Nd5 Kf7 37. Ne3 Rd6 38. Rd1 Rf6 39. Ng2 fxg4 40.
fxg4 Rg6 41. Ne3 Re6 42. Nf5 Kf6 43. Kf4 Re2 44. g5+ Kg6 45. Rd6+ Be6 46. Ne3
1-0

[Event "Europa ch 2014"]
[Site "Yerevan ARM"]
[Date "2014.03.08"]
[Round "6.37"]
[White "Navara, David"]
[Black "Dzagnidze, Nana"]
[Result "1-0"]
[WhiteElo "2700"]
[BlackElo "2546"]
[PlyCount "61"]
[EventDate "2014.03.03"]
[EventType "swiss"]
[EventRounds "11"]
[EventCountry "ARM"]
[Source "lmi"]
[SourceDate "2014.03.02"]

1. d4 Nf6 2. c4 e6 3. Nf3 Bb4+ 4. Nbd2 O-O 5. a3 Be7 6. e4 d5 7. e5 Nfd7 8. Bd3
c5 9. h4 cxd4 10. Bxh7+ Kh8 11. Bb1 Qc7 12. Qc2 f5 13. cxd5 Qxc2 14. Bxc2 exd5
15. Nb3 f4 16. Nbxd4 Nc5 17. b4 Ne6 18. Nxe6 Bxe6 19. Nd4 Bd7 20. Ne2 f3 21.
gxf3 Rxf3 22. Nf4 Nc6 23. Ng6+ Kg8 24. b5 Bc5 25. bxc6 Bxf2+ 26. Ke2 Bg4 27.
cxb7 Rb8 28. Rf1 Bd4 29. Rxf3 Bxa1 30. e6 Bf6 31. Bg5 1-0

[Event "Europa ch 2014"]
[Site "Yerevan ARM"]
[Date "2014.03.08"]
[Round "6.40"]
[White "Grachev, Boris"]
[Black "Stukopin, Andrey"]
[Result "1/2-1/2"]
[WhiteElo "2675"]
[BlackElo "2544"]
[PlyCount "80"]
[EventDate "2014.03.03"]
[EventType "swiss"]
[EventRounds "11"]
[EventCountry "ARM"]
[Source "lmi"]
[SourceDate "2014.03.02"]

1. d4 d5 2. Nf3 Nf6 3. c4 dxc4 4. e3 e6 5. Bxc4 a6 6. O-O c5 7. Nc3 b5 8. Be2
Bb7 9. dxc5 Bxc5 10. Qxd8+ Kxd8 11. Nd2 Nc6 12. Rd1 Ke7 13. a4 bxa4 14. Nxa4
Bb4 15. Nb3 Nd7 16. e4 a5 17. Be3 Rhc8 18. f3 Nce5 19. f4 Ng6 20. Bb5 Ngf8 21.
Bd3 Ba6 22. Kf2 Bc4 23. Bxc4 Rxc4 24. Kf3 g5 25. fxg5 Ne5+ 26. Ke2 Rxe4 27. Rd4
Rxd4 28. Bxd4 Nfd7 29. Nb6 Nxb6 30. Bxe5 Nd7 31. Bd4 e5 32. Be3 f6 33. h4 fxg5
34. hxg5 Rb8 35. Kd3 Ke6 36. g4 Rb7 37. Ke4 Bd6 38. Nd2 Rb4+ 39. Kd3 e4+ 40.
Kc2 a4 1/2-1/2

[Event "Europa ch 2014"]
[Site "Yerevan ARM"]
[Date "2014.03.08"]
[Round "6.41"]
[White "Oral, Tomas"]
[Black "Volokitin, Andrei"]
[Result "1/2-1/2"]
[WhiteElo "2528"]
[BlackElo "2674"]
[PlyCount "90"]
[EventDate "2014.03.03"]
[EventType "swiss"]
[EventRounds "11"]
[EventCountry "ARM"]
[Source "lmi"]
[SourceDate "2014.03.02"]

1. e4 e5 2. Nf3 Nc6 3. Bb5 Nf6 4. O-O Nxe4 5. Re1 Nd6 6. Nxe5 Be7 7. Bf1 O-O 8.
d4 Nf5 9. d5 Nxe5 10. Rxe5 d6 11. Re1 Bg5 12. Nc3 Bd7 13. Bd3 Bxc1 14. Qxc1 Qf6
15. Qf4 Rae8 16. h3 a6 17. Rad1 Re5 18. g4 Nh4 19. Qxf6 gxf6 20. Re4 Kg7 21.
Kh2 Rxe4 22. Nxe4 f5 23. gxf5 Bxf5 24. Kg3 Ng6 25. Ng5 Bd7 26. Re1 Ne5 27. Bf1
h6 28. Nf3 Kf6 29. Nxe5 dxe5 30. f3 c6 31. Rd1 Rg8+ 32. Kf2 cxd5 33. Rxd5 Be6
34. Rd6 Kg5 35. Rb6 Bd5 36. Bd3 h5 37. Rb4 Rc8 38. h4+ Kf6 39. Rb6+ Ke7 40. Rh6
Bxa2 41. Rxh5 Kf6 42. Rh6+ Kg7 43. Rh5 Kf6 44. Rh6+ Kg7 45. Rh5 Kf6 1/2-1/2

[Event "Europa ch 2014"]
[Site "Yerevan ARM"]
[Date "2014.03.08"]
[Round "6.42"]
[White "Lie, Kjetil A"]
[Black "Khairullin, Ildar"]
[Result "1/2-1/2"]
[WhiteElo "2509"]
[BlackElo "2657"]
[PlyCount "82"]
[EventDate "2014.03.03"]
[EventType "swiss"]
[EventRounds "11"]
[EventCountry "ARM"]
[Source "lmi"]
[SourceDate "2014.03.02"]

1. e4 e5 2. Nf3 Nc6 3. Bc4 Bc5 4. c3 Nf6 5. d3 O-O 6. O-O d6 7. Bg5 h6 8. Bh4
g5 9. Bg3 Bg4 10. Nbd2 a6 11. a4 Ba7 12. Re1 Nh5 13. h3 Bc8 14. Nf1 Qf6 15. Ne3
Ne7 16. d4 exd4 17. cxd4 Nxg3 18. fxg3 Nc6 19. Nd5 Qg7 20. Kh2 g4 21. Nh4 Bxd4
22. Nf5 Bxf5 23. exf5 Rae8 24. Rxe8 Rxe8 25. Nxc7 Re5 26. f6 Qg6 27. Nd5 gxh3
28. Ne7+ Nxe7 29. fxe7 Qe4 30. gxh3 Rxe7 31. Qb3 d5 32. Bxd5 Qe2+ 33. Bg2 Qxb2
34. Qxb2 Bxb2 35. Rb1 Re2 36. Kh1 b5 37. axb5 axb5 38. Bf1 Rc2 39. Bxb5 Rc1+
40. Rxc1 Bxc1 41. Kg2 Kg7 1/2-1/2

[Event "Europa ch 2014"]
[Site "Yerevan ARM"]
[Date "2014.03.08"]
[Round "6.43"]
[White "Danielian, Elina"]
[Black "Lysyj, Igor"]
[Result "0-1"]
[WhiteElo "2467"]
[BlackElo "2655"]
[PlyCount "82"]
[EventDate "2014.03.03"]
[EventType "swiss"]
[EventRounds "11"]
[EventCountry "ARM"]
[Source "lmi"]
[SourceDate "2014.03.02"]

1. d4 e6 2. Nf3 Nf6 3. e3 d5 4. c4 Be7 5. Nc3 O-O 6. Bd3 dxc4 7. Bxc4 a6 8. O-O
b5 9. Bd3 Bb7 10. Qe2 Nbd7 11. Rd1 c5 12. dxc5 Bxc5 13. Ng5 h6 14. Nge4 Qb6 15.
a3 Be7 16. Nxf6+ Bxf6 17. Ne4 Be5 18. a4 bxa4 19. Bc2 Bxe4 20. Bxe4 Rad8 21.
Bc2 Nc5 22. g3 Qb5 23. Qg4 Nb3 24. Rb1 Rxd1+ 25. Qxd1 Rc8 26. Bd3 Qb6 27. Bd2
Rd8 28. Bc3 Bxc3 29. bxc3 Qd6 30. Bc2 Qc7 31. Qg4 Qxc3 32. Qxa4 Qxc2 33. Rxb3
Kh7 34. Rb4 Rd1+ 35. Kg2 Qe2 36. Rd4 Qf1+ 37. Kf3 Qh1+ 38. Ke2 Qe1+ 39. Kf3
Qh1+ 40. Ke2 Re1+ 41. Kd2 Qf1 0-1

[Event "Europa ch 2014"]
[Site "Yerevan ARM"]
[Date "2014.03.08"]
[Round "6.44"]
[White "Socko, Bartosz"]
[Black "Nigalidze, Gaioz"]
[Result "0-1"]
[WhiteElo "2654"]
[BlackElo "2527"]
[PlyCount "158"]
[EventDate "2014.03.03"]
[EventType "swiss"]
[EventRounds "11"]
[EventCountry "ARM"]
[Source "lmi"]
[SourceDate "2014.03.02"]

1. d4 d5 2. c4 c6 3. Nf3 Nf6 4. e3 Bg4 5. Qb3 Qb6 6. Nc3 Na6 7. Ne5 Qxb3 8.
axb3 Nb4 9. Ra4 e6 10. c5 a5 11. Nxg4 Nxg4 12. Bd2 Be7 13. Be2 Nf6 14. O-O O-O
15. Rfa1 Nc2 16. Rc1 Nb4 17. Rca1 Nc2 18. Rc1 Nb4 19. Na2 Nxa2 20. Rxa2 Ne4 21.
Be1 e5 22. Rca1 exd4 23. exd4 Bd8 24. Bxa5 Rxa5 25. Rxa5 Bxa5 26. Rxa5 g6 27.
f3 Ng5 28. Ra4 Re8 29. Kf2 Ne6 30. g3 f5 31. f4 Kf7 32. Ke1 Kf6 33. Kd2 h6 34.
Bd3 g5 35. fxg5+ hxg5 36. Ra7 Re7 37. Kc3 f4 38. b4 f3 39. b5 cxb5 40. Bxb5 f2
41. Bd3 Nd8 42. b4 Re3 43. Ra1 Re1 44. Kb2 Nc6 45. b5 Nb4 46. Bf1 Nc2 47. Rc1
Ne3 48. Bd3 Nc4+ 49. Kc2 g4 50. b6 Na5 51. Rd1 Nc6 52. Kd2 Nxd4 53. c6 Nb3+ 54.
Kc2 Nd4+ 55. Kd2 Nf3+ 56. Kc2 Re6 57. Rf1 Rxc6+ 58. Kd1 Rc3 59. Ke2 Ke5 60. Rd1
Rb3 61. Kxf2 Rb2+ 62. Kf1 Nxh2+ 63. Kg1 Nf3+ 64. Kf1 Rxb6 65. Ra1 Rb3 66. Bg6
Nd2+ 67. Ke1 Ne4 68. Ra5 Rb1+ 69. Ke2 Nxg3+ 70. Kd3 Rb3+ 71. Kc2 Rb6 72. Bf7
Rd6 73. Kd3 Ne4 74. Bh5 Nf6 75. Bg6 Kf4 76. Ra4+ d4 77. Ra5 g3 78. Ke2 g2 79.
Kf2 Ng4+ 0-1